| 000 | 00605nam a2200241 a 4500 | ||
|---|---|---|---|
| 001 | nice12345678 | ||
| 003 | IN_TiNIC | ||
| 005 | 20260116013516.0 | ||
| 008 | 050524s1980 dela grp 000 0 eng | ||
| 020 |
_a _c200 |
||
| 082 | 0 | 0 |
_a954.0234 _bSAR |
| 100 | _aSaran-Lal, Kishori | ||
| 245 | _aHistory of the Khiljis A.D. 1290-1320 | ||
| 260 |
_aDelhi _bMunshiram Manoharlal Pub _c1980 |
||
| 300 | _a388p | ||
| 500 | _aincludes index and biblioraphy | ||
| 505 | 2 | _aIndex | |
| 650 | _aIndia-History Khaljis | ||
| 700 | 1 | _aSaran-Lal, Kishori | |
| 902 | _bSRS | ||
| 942 | _cBK | ||
| 999 |
_c11270 _d11270 |
||